|
|
|
|
| LEADER |
01479nam a2200361 i 4500 |
| 001 |
43947 |
| 003 |
BD-DhAAL |
| 005 |
20250113123854.0 |
| 008 |
250113t2021 ii b 001 0 eng d |
| 010 |
|
|
|a 2020333528
|
| 020 |
|
|
|a 9789390652167
|
| 025 |
|
|
|a I-E-2020-333528; 69-92
|
| 037 |
|
|
|b Library of Congress -- New Delhi Overseas Office
|
| 040 |
|
|
|a DLC
|b eng
|e rda
|c DLC
|d DLC
|d BD-DhAAL
|
| 042 |
|
|
|a lcode
|a pcc
|
| 043 |
|
|
|a a-ii---
|
| 050 |
0 |
0 |
|a DS432.M84
|b W33 2021
|
| 082 |
|
|
|a 297.0954
|2 23
|
| 100 |
1 |
|
|a Wahab, Ghazala,
|e author.
|9 57446
|
| 245 |
1 |
0 |
|a Born a Muslim :
|b some truths about Islam in India /
|c Ghazala Wahab.
|
| 246 |
|
|
|a Born a Muslim
|
| 260 |
|
|
|a New Delhi :
|b Aleph Book Company,
|c 2021.
|
| 300 |
|
|
|a 399 pages ;
|c 24 cm
|
| 504 |
|
|
|a Includes bibliographical references and index.
|
| 526 |
|
|
|a ENH
|x Dr. Nahid Afrose Kabir,
Professor,
English and Humanities
Course name : Islam in the world (HST 405)
|
| 541 |
|
|
|a Karim International
|e 43947
|
| 650 |
|
0 |
|a Muslims
|z India
|y 21st century.
|9 57447
|
| 650 |
|
0 |
|a Islam
|z India
|y 21st century.
|9 57448
|
| 650 |
|
0 |
|a Secularism
|z India.
|
| 852 |
|
|
|a Ayesha Abed Library
|
| 942 |
|
|
|2 ddc
|c BK
|
| 999 |
|
|
|c 47190
|d 47190
|
| 952 |
|
|
|0 0
|1 0
|2 ddc
|4 0
|6 297_095400000000000_WAH
|7 0
|9 77167
|a BRACUL
|b BRACUL
|c CIR
|d 2025-01-07
|e Karim International
|g 1680.00
|l 0
|o 297.0954 WAH
|p 3010043947
|r 2025-01-07
|t 1
|v 1680.00
|w 2025-01-07
|y 1HOUR
|x Requisitioned by Dr. Nahid Afrose Kabir for the course named- "Islam in the world (HST 405)".
|